Statistics for Alcoholic Beverages A to Z

Click here to take the quiz!

General Stats

  • This quiz has been taken 948 times
    (937 since last reset)
  • The average score is 7 of 25

Answer Stats

Hint Answer % Correct
BIrish cream and whiskey liqueurBaileys
89%
AItalian almond liqueurAmaretto
71%
TMexican agave spiritTequila
64%
JBlack coloured German herb liqueurJaegermeister
47%
OGreek anise flavoured aperitifOuzo
43%
KMexican coffee liqueurKahlua
43%
IHoppy beer style named after sub-continentIndia Pale Ale
39%
YWhiskey liqueur named after Canadian territoryYukon Jack
32%
NFamous English beer brand upon TyneNewcastle Brown Ale
32%
RGrain for making Canadian whiskyRye
28%
DScottish whisky liqueurDrambuie
26%
ZRose wine and grape varietalZinfandel
25%
VItalian fortified wine for MartinisVermouth
21%
FItalian hazelnut and herb liqueurFrangelico
21%
PFrench anise liqueurPastis
19%
CFrench apple brandyCalvados
17%
LMainstream Belgian beer brandLeffe
15%
GFrench orange triple sec brandyGrand Marnier
11%
EWine made from frozen grapes with German nameEiswein
10%
MGreek spiced brandyMetaxa
9%
SBalkan plum brandySlivovitz
5%
UHungarian herb liqueurUnicum
4%
WPear spirit/schnappsWilliams
4%
HUkrainian vodkaHorilka
3%
XBrazilian beer brandXingu
1%

Score Distribution

Percentile by Number Answered

Percent of People with Each Score

Your Score History

You have not taken this quiz since the last reset